Catálogo

Vista normal Vista MARC

Entrada Personal Name

Número de registros utilizados en: 1

001 - CONTROL NUMBER

  • control field: 7976

003 - CONTROL NUMBER IDENTIFIER

  • control field: DLC

005 - DATE AND TIME OF LATEST TRANSACTION

  • control field: 20211122142414.0

008 - FIXED-LENGTH DATA ELEMENTS

  • fixed length control field: 821120n| azannaab| |a aaa |||

010 ## - LIBRARY OF CONGRESS CONTROL NUMBER

  • LC control number: n 82110214

035 ## - SYSTEM CONTROL NUMBER

  • System control number: (Uk)000876084

040 ## - CATALOGING SOURCE

  • Original cataloging agency: DLC
  • Language of cataloging: spa
  • Description conventions: rda
  • Transcribing agency: Mx-PuUPA
  • Modifying agency: Uk
  • Modifying agency: DLC
  • Modifying agency: Mx-PuUPA

046 ## - SPECIAL CODED DATES

  • Birth date: 1943

100 1# - HEADING--PERSONAL NAME

  • Personal name: Jones, Leo,
  • Dates associated with a name: 1943-

374 ## - OCCUPATION

  • Occupation: Autor

375 ## - GENDER

  • Gender: hombre

377 ## - ASSOCIATED LANGUAGE

  • Language code: eng

400 1# - SEE FROM TRACING--PERSONAL NAME

  • Personal name: Jones, Lionel Francis Edward,
  • Dates associated with a name: 1943-

670 ## - SOURCE DATA FOUND

  • Source citation: His Functions of English, 1977.

670 ## - SOURCE DATA FOUND

  • Source citation: ALCS database, 3 Oct. 2006
  • Information found: (Leo Jones, born 7 July 1943)

670 ## - SOURCE DATA FOUND

  • Source citation: Information from 678 converted Dec. 15, 2014
  • Information found: (head of Dept. of Advanced Studies, Anglo-Continental School of English, Bournemouth)

670 ## - SOURCE DATA FOUND

  • Source citation: Biblioteca del congreso (Estados Unidos), 04 septiembre 2018:
  • Information found: catálogo electrónico
  • Uniform Resource Identifier: https://goo.gl/aDkcKW